Welcome to the Holygrace Academy Library

Please use search bar below to get started

THEODORE BOONE (Record no. 2372)

MARC details
000 -LEADER
fixed length control field 00656nam a22001577a 4500
020 ## - INTERNATIONAL STANDARD BOOK NUMBER
ISBN 978-1-444-71305-3
082 ## - DEWEY DECIMAL CLASSIFICATION NUMBER
Classification number 823
Item number GRI/T
100 ## - MAIN ENTRY--AUTHOR NAME
Personal name GRISHAM,JOHN
245 ## - TITLE STATEMENT
Title THEODORE BOONE
250 ## - EDITION STATEMENT
Edition statement FIRST
260 ## - PUBLICATION, DISTRIBUTION, ETC. (IMPRINT)
Place of publication LONDON
Name of publisher HODDER&STOUGHTON LTD
Year of publication 2010
300 ## - PHYSICAL DESCRIPTION
Number of Pages 263
520 ## - SUMMARY, ETC.
Summary, etc Theo knows every judge, policeman, court clerk—and a lot about the law. He dreams of being a great trial lawyer, of a life in the courtroom. But Theo finds himself in court much sooner than expected. Because he knows so much—maybe too much—he is suddenly dragged into the middle of a sensational murder trial.
650 ## - SUBJECT ADDED ENTRY--TOPICAL TERM
Topical Term NOVEL,ENGLISH
Geographic subdivision LONDON
942 ## - ADDED ENTRY ELEMENTS (KOHA)
Koha item type Books
Holdings
Withdrawn status Lost status Collection code Home library Current library Shelving location Date acquired Source of acquisition Full call number Accession Number Koha item type
    Fiction Main Library Main Library SHELF-2-D ENGLIAH NOVELS FOR TEACHERS 19/06/2010 PURCHASE 823 GRI/T 05465 Books